000 01123cam a22003257a 4500
003 CHAP
005 20220329135522.0
008 971013s1956 enka r 00010 eng d
010 _a37948
011 _a38920
035 _a43040
040 _cCHAP
082 0 4 _a595.754
_bM55
100 0 0 _aMiller, Norman Cecil Egerton.
_975794
245 1 4 _aThe biology of the Heteroptera
260 _aLondon :
_bLeonard Hill,
_c1956
300 _a162 p.
_b: ilus
590 _aBATCH-UPD
_b10
_c20130110
_lUCH01
_h0049
590 _aBATCH-UPD
_b10
_c20130110
_lUCH01
_h1705
590 _aBATCH-UPD
_b10
_c20130410
_lUCH01
_h1052
590 _aBATCH-UPD
_b10
_c20130914
_lUCH01
_h1612
590 _aCONVERSION
_b10
_c20130109
_lUCH01
_h1321
650 1 4 _aHeterópteros.
_955066
901 _aBK
942 _cLIBRO
949 _a595.754 M55
_bBC
_cLIBRO
_d33724000369203
_eLIBRO
_h27091
_i43040
_si
949 _a595.754 M55
_bBC
_cLIBRO
_d33724000369211
_eLIBRO
_fc.2
_h27092
_i43040
_si
949 _a595.754 M55
_bBC
_cLIBRO
_d33724000369229
_eLIBRO
_fc.4
_h27094
_i43040
_si
949 _a595.754 M55
_bBC
_cLIBRO
_d33724000369237
_eLIBRO
_fc.3
_h27093
_i43040
_si
999 _c37948
_d37948